Statistiques concernant Rappeurs par lettre - R

Cliquez ici pour prendre le quiz!

Statistiques générales

  • Ce quiz a été pris 163 fois
    (142 depuis la dernière actualisation)
  • Le résultat moyen est 3 sur 9

Statistiques - réponses

Albums notableRéponse% Correct
C'est RémyRémy
98%
Insolent, NeverlandRk
59%
Chef de famille, MutantRim'K
50%
Morale, ChocolatRoméo Elvis
32%
MOBIUSRounhaa
29%
La Vie avant la Mort, Au-Delà de mes limitesRohff
28%
WELCOME TO the JUNGLERilès
26%
Cocaïno rap musique, Noirs et professionnelsRoi Heenok
14%
Boîte NoireRimkus
12%

Distribution des résultats

Percentile par nombre de réponses

% des personnes avec chaque résultat

Votre développement - résultats

Vous n’avez pas pris ce quiz depuis la dernière actualisation